Statistics for The 13 Colonies

Click here to take the quiz!

General Stats

  • This quiz has been taken 21 times
  • The average score is 12 of 13

Answer Stats

Answer% Correct
New York
95%
North Carolina
95%
South Carolina
95%
Virginia
95%
Delaware
89%
Georgia
89%
Massachusetts
89%
Pennsylvania
89%
Connecticut
84%
Maryland
84%
New Hampshire
84%
Rhode Island
84%
New Jersey
79%

Score Distribution

Percentile by Number Answered

Percent of People with Each Score

Your Score History

You have not taken this quiz